000 00831cam a2200265 i 4500
999 _c20386
_d20386
001 4626682
003 BDDh-ASL
005 20231015025901.0
008 790615s1986 ii b 000 0 eng
010 _a 77930892
020 _cRs42.50
040 _aDLC
_cDLC
_dDLC
_dMoSU-L
_dBDDh-ASL
050 0 0 _aKB250
_b.M87 1977
082 0 0 _a297.09
_bMUP
100 1 _aMuslehuddin, Mohammad,
_d1913-
245 1 0 _aPhilosophy of Islamic law and the orientalists :
_ba comparative study of Islamic legal system /
_cMohammad Muslehuddin.
260 _aDelhi :
_bTaj Company,
_c[1986]
300 _axvi, 302 p. ;
_c23 cm.
504 _aBibliography: p. 297-302.
650 0 _aIslamic law.
650 0 _aComparative law.
650 0 _aMiddle East specialists.
906 _a7
_bcbc
_corignew
_d3
_encip
_f19
_gy-gencatlg
942 _2ddc
_cBK